| 000 | 00392nam a2200145Ia 4500 | ||
|---|---|---|---|
| 008 | 150201s2006 xx 000 0 und d | ||
| 082 |
_a617.6342 _bP2006K |
||
| 100 | _aKIDD | ||
| 245 | _aPICKARDS MANUAL OF OPERATIVE DENTISTRY | ||
| 250 | _a8TH | ||
| 260 |
_bOXFORD MEDICAL PUBLICATIONS _aOXFORD _c2006 |
||
| 300 | _a1-209 | ||
| 650 | _aCONSERVATIVE DENTISTRY & ENDODONTICS | ||
| 942 |
_2ddc _cBK |
||
| 999 |
_c3612 _d3612 |
||